000 00653nam a22002057a 4500
999 _c102275
_d102275
005 20230317125628.0
010 _aENG-136301 ENG-115748
020 _a9789384002725
_c850.00
035 _aEN-99280
035 _aEN-119833
037 _bDBAD/PUB
082 _a791.437092
100 _aDasgupta,Tamal
245 _aUnderstanding screenplays of Satyajit Ray :
_bthe art of adaptation /
_cBy Tamal Dasgupta
260 _aKolkata
_b Gangchil
_c2012
270 _aMatir Bari,Onkar Park,Ghola Bazar
_bKolkata
_e700111
300 _a86p.
_c21cm(Hb)
500 _aIncludes bibliographical referenes
942 _2ddc
_cEN
_h791.437092
_mDAS